000 00458nam a2200145 4500
999 _c10930
_d10930
008 180927b ||||| |||| 00| 0 eng d
022 _a2094-8042
082 _aDPer 370.105 M72 Jan-Dec 2011 v59-60
100 _931758
_aSevilla, Marina P.
245 _aAlay sa mapapalad na guro/
_cMarina P. Sevilla.
260 _aPhilippines:
_bIn the Grade School, Inc.,
_cc2011.
300 _av60 n5, page 214;
_c27cm.
650 0 _931759
_aPoetry.
942 _2ddc
_cPER